000 00756cab a2200241 4500
001 ABS56767
008 090401t1997 xxu||||| |||| 00| 0 eng d
035 _a(Sirsi) u77083
041 _aeng
100 _aGreenhalgh, B.
245 _aRelationship marketing
260 _c1997
350 _a0
490 _aProfessional Practice Management
_v15(2) 1997, 12-13, 24-26(5)
520 _aTwo articles on relationship marketing defining the concept and basic principles and what it has to offer professional firms.
650 _aMARKETING
650 _aPRACTICE MANAGEMENT
650 _aRELATIONSHIP MARKETING
650 _aSURVEYING FIRMS
690 _aMANAGEMENT-BUSINESS MANAGEMENT-PROFESSIONAL PRACTICE
942 _n0
948 _c13/03/1997
999 _c48448
_d48448